| 000 | 00512nam a2200169Ia 4500 | ||
|---|---|---|---|
| 003 | GCL | ||
| 008 | 140319s9999 xx 000 0 ara d | ||
| 040 |
_aGCL / _cGCL |
||
| 082 | 0 | 4 |
_a350.765 _bا م |
| 100 | 1 | _aاحمد ابوالروس | |
| 245 | 1 | 0 |
_aمشكلة المخدرات والادمان / _cاحمد ابوالروس |
| 490 |
_aالمكتبة القانونية _v0 |
||
| 650 | 0 | 4 | _aالقانون |
| 650 | 0 | 4 | _aادمان المخدرات |
| 650 | 0 | 4 | _aقانون العقوبات |
| 942 |
_2ddc _cBK |
||
| 999 |
_c43633 _d43633 |
||